Normal view
MARC view
- الأدب العربي - تراجم - الأطباء
Entry Topical Term
001 - CONTROL NUMBER
- control field: 24450
003 - CONTROL NUMBER IDENTIFIER
- control field: JO-AjAnu
005 - DATE AND TIME OF LATEST TRANSACTION
- control field: 20230606074206.0
008 - FIXED-LENGTH DATA ELEMENTS
- fixed length control field: 230606|| aca||aabn | a|a d
040 ## - CATALOGING SOURCE
- Original cataloging agency: JO-AjAnu
- Transcribing agency: JO-AjAnu
150 ## - HEADING--TOPICAL TERM
- Topical term or geographic name entry element: الأدب العربي - تراجم - الأطباء
670 ## - SOURCE DATA FOUND
- Source citation: Work cat.: (JO-AjAnu)12573: أبو زبيد،محمد أحمد, author 24449, الأطباء الكتاب في الأردن في القرن العشرين